000 00492nam a2200181Ia 4500
008 240925s9999 xx 000 0 und d
020 _a9780199067626
082 _a346.549107 SAE
100 _aSaeed, Khawaja Amjad
245 0 _aMercantile and Industrial Laws of Pakistan
250 _a2nd
260 _aKarachi:
_bOxford University Press
_c,2012.
300 _a247p.
_b0
_fOriginal
500 _aIncludes Index
600 _aSocial Sciences
650 _aSocial Sciences
942 _cBK
999 _c16718
_d16718